| 000 | 00682nam a22002417a 4500 | ||
|---|---|---|---|
| 001 | 89942 | ||
| 003 | UA-OsUOA | ||
| 005 | 20220419194820.0 | ||
| 007 | ta | ||
| 008 | 20121112b un ||||| |||| 00| 0 ukr d | ||
| 040 |
_aUA-OsUOA _bukr _cUA-OsUOA _dUA-OsUOA |
||
| 041 | _aukr | ||
| 080 | _a821.161.2 | ||
| 090 |
_a821.161.2 _bК55 |
||
| 100 | _aКобилянська О. | ||
| 245 | _aТвори в трьох томах | ||
| 260 |
_aК. _bДержавне видавництво художньої літератури _c1956 |
||
| 300 | _a637 с. | ||
| 505 |
_gТ. 3 _t1911–1941 |
||
| 650 | 7 |
_a821 Художня література _2UDC |
|
| 942 |
_cBK _2udc |
||
| 955 | _a3 | ||
| 999 |
_c376218 _d376218 |
||